Tàrrega : la nostra ciutat / Montserrat Aloi i Roca ... [et al.] ; direcció: Joan Novell i Balagueró la nostra ciutat / Montserrat Aloi i Roca ... [et al.] ; direcció:
Publicado:
Barcelona :
Generalitat de Catalunya, Comissió Interdepartamental de Recerca i Innovació Tecnològica (CIRIT) ,
1985
Descripción Física:
120 p. : il. ; 21 cm
Colección:
Premis CIRIT a la joventut
Materias:
Tàrrega -- Història local
MARC
| LEADER | 00000nam a2200000Ia 4500 | ||
|---|---|---|---|
| 001 | 1498 | ||
| 008 | 160829s1985 xx 000 0 cat d | ||
| 080 | |a H-1-156 | ||
| 245 | |a Tàrrega : |b la nostra ciutat / Montserrat Aloi i Roca ... [et al.] ; direcció: |b Joan Novell i Balagueró | ||
| 260 | |a Barcelona : |b Generalitat de Catalunya, Comissió Interdepartamental de Recerca i Innovació Tecnològica (CIRIT), |c 1985 | ||
| 300 | |a 120 p. : |b il. ; |c 21 cm | ||
| 490 | |a Premis CIRIT a la joventut | ||
| 650 | |a Tàrrega |x Història local |9 26407 | ||
| 700 | |a Aloi i Roca, Montserrat |9 26408 | ||
| 700 | |a Novell i Balagueró, Joan, dir. |9 26409 | ||
| 710 | 1 | |a Catalunya. |b Comissió Interdepartamental de Recerca i Innovació Tecnològica |9 54974 | |
| 901 | |a Arxiu | ||
| 942 | |n 1 | ||
| 952 | |0 0 |1 0 |4 0 |6 H1156 |7 1 |9 43978 |a Arxiu |b Arxiu |d 2016-12-01 |l 0 |o H-1-156 |p 1498 |r 2016-12-01 00:00:00 |w 2016-12-01 |y ARXIU | ||
| 999 | |c 46558 |d 46558 | ||